00558nam a2200205Ia 4500001000700000003000500007008004100012010001100053040000900064082001300073100002300086245009400109260002700203300001900230440000500249500000500254503001100259650002800270650005400298Z_4180CHAP220113s1994 xx 000 0 und d a167243 cCHAP a633.3 G8 aGutteridge, Ross C aForage tree legumes in tropical agriculture /cpor Ross C Gutteridge and H. Max Shelton aOxon :bC.A.B.,c1994 a389 p. ; ilus. a a a190330 aLeguminosas forrajeras  aPlantas forrajerasxTrópicos I. Shelton. H. Max